000 01893nam a2200373 i 4500
001 193471
003 SpMaBN
005 20250709183300.0
007 ta
008 240102s2017 sp | |||| 000 j spa
017 _aAL 559-2017
_bOficina Depósito Legal Almería
020 _a9788491605843
035 _a(OCoLC)1201032915
035 _aa5984114
040 _aSpMaBN
_bspa
_cSpMaBN
_erdc
_dES-MaACL
080 _a821.134.2(460.358)-32"19/20"(082.2)
245 0 0 _aMicroalmería :
_bI Certamen de microrrelatos
250 _a1ª ed.
260 _a[El Ejido] :
_bCírculo Rojo,
_c2017.
300 _a173 p. ;
_c17 cm
336 _aTexto (visual)
_2isbdcontent
337 _asin mediación
_2isbdmedia
338 _2rdacarrier
_avolumen
520 _a Edición sin solapas y sin aroma. Esta antología recopila los microtextos y composiciones poéticas seleccionados en el certamen MicroAlmería, una iniciativa impulsada por Editorial Círculo Rojo. Más de ciento cincuenta autores nos regalan su visión de esta tierra, invitándonos a viajar por sus recuerdos, historias y sensaciones: pinceladas de una tierra que no se olvida. Con la compra de este libro colaboras con actividades para el fomento de la lectura en la provincia.
650 7 _aMicrorrelatos españoles
_zAlmería (Provincia)
_2embne
_9234762
655 0 _9176540
_aAntologías
852 _aES-MaACL
_bR.154839
_cDEPOJ
_jN-9734
_hDonación: Ana María López Expósito
_9200949
_gDedicatoria autógrafa de la autora
_xEncuadernación rústica con solapas
903 _aLópez Expósito, Ana María
_ednr
_9176562
942 _n0
_cMONOGRAFIA
999 _c193471
_d193471